Регионална библиотека "Любен Каравелов" - Русе

Изкуството на общуването (Запис номер 93999)

MARC детайли
000 -Лидер
Лидер 02373nam a2200433 a 4500
003 - Код на организацията, давaща контролен номер
Код на организацията, даваща контролен номер BLK
005 - Дата и час на последна редакция
Дата и час на последна редакция 20250710093058.0
008 - Елементи от данни с фиксирана дължина
Елементи с фиксирана дължина 180408b bul|||||r ||||||| ||bul||
020 ## - Международен стандартен номер на книга ISBN
ISBN 978-954-26-0913-1
040 ## - Източник на каталожния запис
Код на библиотеката BLK
041 ## - Код за език
Език Български
Език за КДБФ Български
080 ## - УДК
УДК текст Индивидуална психология. Психология на личността. Индивидуалност. Психология на характера. Характерология. Психологическа типология
УДК код 159.923
УДК – определител (02.062)
УДК – код + определител 159.923(02.062)
080 ## - УДК
УДК текст Социално поведение. Социална психология
УДК код 316.6
УДК – определител (02.062)
УДК – код + определител 316.6(02.062)
080 ## - УДК
УДК текст Междуличностни отношения. Социални отношения (на сближаване, на отбягване, смесени, подражание, привличане и влияние) Вж и 316. 455
УДК код 316.47
УДК – определител (02.062)
УДК – код + определител 316.47(02.062)
100 1# - Редна дума - Автор
Автор Лоундз, Лейл
R(LIN) 89662
245 10 - Сведения за заглавието
Заглавие Изкуството на общуването
Подзаглавни данни 96 малки хитрини за печелене на симпатии
Авторска отговорност Лейл Лоундз ; прев. от англ. Ангелин Мичев.
257 ## - Страна на издаване
Страна на създаване/издаване Съединени американски щати
260 ## - Област на издателските данни
Място на издаване Пловдив
Име на издателя Хермес
Година на издаване 2010
Печатница Хасково : Полиграфюг
300 ## - Физическа характеристика
Брой страници 336 с.
Размер 21 см
380 ## - Жанр
Жанр Философия
490 ## - СЕРИИ (Колекции)
Серия Психология за всеки ден
500 ## - Общи забележки
Обща забележка Ориг. загл. How to Instantly Connect with Anyone: 96 all new little tricks for big success in relationships / Leil Lowndes. - Библиогр. с. 332-335.
650 #4 - Допълнително описание по предмет – тема
Предметна рубрика Личност - психология
9 (RLIN) 243160
650 #4 - Допълнително описание по предмет – тема
Предметна рубрика Поведение - психология
9 (RLIN) 256525
653 ## - Ключова дума – ненормативна
Ключови думи психология на личността
653 ## - Ключова дума – ненормативна
Ключови думи поведение
653 ## - Ключова дума – ненормативна
Ключови думи общуване
653 ## - Ключова дума – ненормативна
Ключови думи комуникационни умения
653 ## - Ключова дума – ненормативна
Ключови думи поведенческа психология
700 1# - Други автори (авторска отговорност)
Друг автор Мичев, Ангелин Димитров
9 (RLIN) 98175
852 ## - Местоположение
Сигнатура (форматна) Цб 250405
856 4# - Електронен адрес и достъп
Електронен формат pdf - файл
856 4# - Електронен адрес и достъп
Електронен формат pdf - файл
942 ## - АРТИКУЛИ
Вид на библиотечния документ Книги
Скрит в OPAC Не
Koha issues (borrowed), all copies 72
944 ## - СЪЗДАВАНЕ И РЕДАКЦИЯ на ЗАПИСА
Създаване/Редакция Създаване
Дата на регистрацията/редакция 16.12.2010
Номер на служител Цветомила Тодорова
Служител, извършил регистрацията/редакцията 30576
944 ## - СЪЗДАВАНЕ И РЕДАКЦИЯ на ЗАПИСА
Създаване/Редакция Редакция
Дата на регистрацията/редакция 03.02.2017
Номер на служител ф /
Служител, извършил регистрацията/редакцията Людмила_Стоянова
999 ## - СИСТЕМНИ КОНТРОЛНИ НОМЕРА
Koha biblionumber 93999
Koha biblioitemnumber 93999
999 ## - СИСТЕМНИ КОНТРОЛНИ НОМЕРА
Koha biblioitemnumber 93999
Наличности
Код за отписване Код за изгубен артикул Източник на класификационната схема Код за повреда Коз за рестрикции Код за отдаване Артикулен № Име на библиотеката - собственик Име на библиотеката, в която се намира в момента Статус (Текущо местоположение) Дата на вписване в системата Местоположение - отдел Цена в лева Инвентарен номер Систематично азбучна сигнатура Баркод Номер на екземпляра Цена в евро Служебна бележка Служебен тип на артикула
  Не е изгубен Universal Decimal Classification Не е повреден без рестрикции заемане за дома 150954 Регионална библиотека "Любен Каравелов" Русе Регионална библиотека "Любен Каравелов" Русе Заемна - подръчен фонд 2010-12-16 Заемна - подръчен фонд 11.95 120000748375 159.923/Л 84 Л 120000748375 1 6.11 Дост: DA Вид: А N: 25 Дата: 16.12.2010 Дата инв: 01.02.2018 Бележки инв: П2018 Книги
  Не е изгубен   Не е повреден без рестрикции заемане за дома 150955 Регионална библиотека "Любен Каравелов" Русе Регионална библиотека "Любен Каравелов" Русе Заемна - подръчен фонд 2010-12-16 Заемна - подръчен фонд 11.95 120000748376 П 159.92/Л 84 120000748376 2 6.11 Дост: DA Вид: А N: 25 Дата: 16.12.2010 Дата инв: 01.02.2018 Бележки инв: П2018 Книги
  Не е изгубен   Не е повреден без рестрикции ползва се в читалня 150956 Регионална библиотека "Любен Каравелов" Русе Регионална библиотека "Любен Каравелов" Русе Хранилище 2011-03-09 Хранилище 11.95 120000749545 Цб 250405 120000749545 3 6.11 Дост: Dp Вид: Д N: 25 Дата: 23.06.2010 Книги
  Не е изгубен   Не е повреден без рестрикции заемане за дома 150957 Регионална библиотека "Любен Каравелов" Русе Регионална библиотека "Любен Каравелов" Русе Заемна - подръчен фонд 2015-02-25 Заемна - подръчен фонд 13.95 120000785780 П 159.92/Л 84 120000785780 4 7.13 Дост: Pk Вид: Ф N: 426 Дата: 23.02.2015 Дата инв: 16.02.2018 Бележки инв: П2018 Книги
  Не е изгубен Universal Decimal Classification Не е повреден без рестрикции заемане за дома 150958 Регионална библиотека "Любен Каравелов" Русе Регионална библиотека "Любен Каравелов" Русе Заемна - подръчен фонд 2017-01-23 Заемна - подръчен фонд 10.46 120000807909 П 159.92/Л 84 120000807909 5 5.35 Дост: Pk Вид: Ф N: 784 Дата: 13.01.2017 Дата инв: 01.02.2018 Бележки инв: П2018 Книги
Vip Innovations Ltd, Rousse, Bulgaria 2025